000 00939nam0a22002651 4500
001 rc\110836
005 20250620184404.0
010 _a5-288-01037-4
_9500
035 _a(NLR Aleph) 005371320
090 _a7003247
_c7003247
100 _a20021216d1993 |||y0rusy50 ca
101 0 _arus
102 _aRU
105 _aa |||||||||
200 1 _aЦеолитоносные мезозойские отложения Юго-Восточной Монголии
_fС.-Петербург. гос. ун-т
210 _aСПб.
_cИзд-во С.-Петербург. ун-та
_d1993
215 _a158, [2] с.
_cил.
_d20
320 _aБиблиогр.: с. 156-159 (56 назв.)
700 1 _aВерзилин
_bН.Н.
_gНикита Николаевич
701 1 _aКалмыкова
_bН.А.
_gНина Андреевна
801 0 _aRU
_bNLR
_gpsbo
801 1 _aRU
_bELAR
_2rusmarc
852 _aNLR
_j93-3/8277
942 _cBOOK
980 _aNB